Pays frontalier de la République Centrafricaine - Mort subite - Statistiques

Statistiques générales
  • Ce quiz a été pris 67 fois
  • Le résultat moyen est 3 sur 6
Answers on the Grid
Answers color-coded by a green-red scale on the quiz's grid according to % correct below.
République du Congo
Ouganda
République démocratique du Congo
Angola
Tchad
Niger
Soudan
Guinée équatoriale
Soudan du Sud
Nigeria
Cameroun
Gabon
 
Statistiques - réponses
Réponse % Correct
Tchad
80%
République démocratique du Congo
70%
Soudan du Sud
60%
Soudan
50%
Cameroun
40%
République du Congo
40%
Aucun quiz correspondant
Distribution des résultats
% des personnes avec chaque résultat
Percentile par nombre de réponses
Votre historique - résultats
Vous n’avez pas pris ce quiz